Blahovestnyk

Bibliographic Details
Format: Journal
Language:Ukrainian
Slovak
PhysicalDescription:4 zv. 29 cm
Published: Prjašev Eparchial'noje Pravitel'stvo 1946-1949
Subjects:

MARC

LEADER 00000cas a2200000 a 4500
001 vtls001332833
003 SK-MaSNL
005 20260228155649.0
008 980601d19461949xo sr p 0 0c0ukr
035 |a SNK000285741 
040 |a SNK  |b slo  |c SNK  |e AACR2 
041 0 |a ukr  |a slo 
044 |a xo  |c SK 
072 7 |a 2  |x Náboženstvo  |2 konspekt 
080 |a 2-72  |2 2001 
080 |a 27-72  |2 2001 
080 |a 2(051)  |2 2011 
080 |a 21/29-1/-9  |2 2011 
245 0 0 |a Blahovestnyk 
260 |a Prjašev  |b Eparchial'noje Pravitel'stvo  |c 1946-1949 
300 |a 4 zv.  |c 29 cm 
310 |a 2x mesačne 
362 0 |a [Roč.] I, č. 1 (1946)-[roč.] IV, č. 12 (1949) 
500 |a Podnázov od č. 1-2/1949: eparchial'naja dvuchnedel'naja relygyoznaja hazeta 
515 |a Niektoré čísla vychádzajú ako dvojčísla 
650 0 7 |a cirkev  |2 SNKPH  |9 1922 
650 0 7 |a náboženstvo  |2 SNKPH  |9 2023 
655 7 |a náboženské časopisy  |2 SNKPH  |9 70790 
910 |a snk 
916 |a 1946-1949 
958 |a OND 
999 |c 133  |d 133 
952 |0 0  |1 0  |4 0  |7 0  |a SNK  |b SNK  |d 1999-12-14  |l 0  |o snkČSB 415/4/1949 D1  |p 17A0221583  |r 2005-01-02 00:00:00  |w 2026-02-21  |y PREZ 
952 |0 0  |1 0  |4 0  |7 0  |a SNK  |b SNK  |d 1998-06-01  |f 1  |i snk2136/48  |l 0  |o snkČSB 415/2/1947  |p 17A0137406  |r 2005-01-02 00:00:00  |t č. 1-22   |w 2026-02-21  |y PREZ 
952 |0 0  |1 0  |3 rekatalogizácia  |4 0  |7 0  |a SNK  |b SNK  |d 2007-06-05  |f 1  |i snk1243/51  |l 0  |o snkČSB 415/4/1949  |p 17A0542864  |r 2026-02-21 20:20:12  |t č. 1-12  |w 2026-02-21  |y PREZ 
952 |0 0  |1 0  |4 0  |7 0  |a SNK  |b SNK  |d 1998-06-01  |f 1  |i snk228/49  |l 0  |o snkČSB 415/3/1948  |p 17A0142827  |r 2005-01-02 00:00:00  |t č. 1-22  |w 2026-02-21  |y PREZ 
952 |0 0  |1 0  |4 0  |7 0  |a SNK  |b SNK  |d 1998-06-01  |f 1  |i snk130/47  |l 0  |o snkČSB 415/1/1946  |p 17A0142742  |r 2005-01-02 00:00:00  |t č. 1-20  |w 2026-02-21  |y PREZ